|
|
|
|
| LEADER |
01194nam a22002417a 4500 |
| 001 |
12499 |
| 003 |
BD-DhAAL |
| 005 |
20141209140451.0 |
| 008 |
141209s2001 bg a|||| b|| 00| 0 eng d |
| 020 |
|
|
|a 984311390X
|
| 040 |
|
|
|a BD-DhAAL
|c BD-DhAAL
|
| 082 |
|
|
|2 2
|a 330.95492/05
|
| 100 |
|
|
|a শওকতুজ্জামান, সৈয়দ
|9 6782
|
| 245 |
|
|
|a বাংলাদেশের সামাজিক সমস্যা :
|b স্বরূপ ও সমাধান (বাংলাদেশের সামাজিক পরিবর্তন ও সামাজিক সমস্যার একটি প্রারম্ভিক বিশ্লেষণ)
|
| 246 |
|
|
|a Social problems in Bangladesh
|
| 260 |
|
|
|a ঢাকা :
|b উপমা প্রকাশন,
|c ২০০১
|
| 300 |
|
|
|a ৪৪৩ পৃ. :
|c ২২ সে. মি.
|
| 541 |
|
|
|e 12499
|
| 651 |
|
|
|a Bangladesh
|x Social condition
|9 6783
|
| 852 |
|
|
|a Ayesha Abed Library
|
| 942 |
|
|
|2 ddc
|c BK
|
| 999 |
|
|
|c 33288
|d 33288
|
| 952 |
|
|
|0 0
|1 0
|2 ddc
|4 0
|6 330_954920500000000_SHA
|7 0
|9 44453
|a BRACUL
|b BRACUL
|c GEN
|d 2014-12-09
|l 0
|o 330.9549205 SHA
|p 3010012499
|r 2014-12-09
|t 1
|w 2014-12-09
|y BK
|x Price not available in Register
|